000 00440nam a2200169Ia 4500
003 GCL
008 140319s9999 xx 000 0 ara d
040 _aGCL /
_cGCL
082 0 4 _aط
_b813.02
_bهـ ج
100 1 _aهلا حسن
245 1 0 _aالجيران /
_cهلا حسن
300 _a16 ص
490 _aسلسلة تربوية للاطفال
_v0
650 0 4 _aالاطفال
650 0 4 _aقصص الاطفال
942 _2ddc
_cBK
999 _c46489
_d46489